000 00330nam a22001457a 4500
008 230515b ||||| |||| 00| 0 eng d
020 _a3919714
041 _aeng
080 _a610.73
082 _a610.73MAN
100 _a8
101 _aINF
245 _aTHE SURGICAL CLINICS OF NORTH AMERICA
_cMANNICK.A.J
942 _2udc
_cBK
999 _c59719
_d59719